UBT Library

AUTOMOTIVE TECHNOLOGY TODAY (Record no. 14631)

000 -LEADER
fixed length control field 00291nam a22001337a 4500
008 - FIXED-LENGTH DATA ELEMENTS--GENERAL INFORMATION
fixed length control field 170527b xxu||||| |||| 00| 0 eng d
020 ## - INTERNATIONAL STANDARD BOOK NUMBER
International Standard Book Number 0135856884
041 ## - LANGUAGE CODE
Language code of text/sound track or separate title eng
080 ## - UNIVERSAL DECIMAL CLASSIFICATION NUMBER
Universal Decimal Classification number 621
100 ## - Rafti
Rafti 27
101 ## - Shkurtesa
Shkurtesa IM
245 ## - TITLE STATEMENT
Title AUTOMOTIVE TECHNOLOGY TODAY
Statement of responsibility, etc MITCHELL
942 ## - ADDED ENTRY ELEMENTS (KOHA)
Source of classification or shelving scheme
Item type Books
Holdings
Withdrawn status Lost status Source of classification or shelving scheme Damaged status Not for loan Collection code Permanent location Current location Shelving location Date acquired Total Checkouts Full call number Barcode Date last seen Price effective from Koha item type
          Koleksioni i përgjithshem UBT - Lipjan UBT - Lipjan Koleksioni i përgjithshem 05/27/2017   621 MIT 002-287128 05/27/2017 05/27/2017 Books
          Koleksioni i përgjithshem UBT - Lipjan UBT - Lipjan Koleksioni i përgjithshem 05/27/2017   621 MIT 002-287132 05/27/2017 05/27/2017 Books
          Koleksioni i përgjithshem UBT - Lipjan UBT - Lipjan Koleksioni i përgjithshem 05/27/2017   621 MIT 002-287133 12/13/2017 05/27/2017 Books
          Koleksioni i përgjithshem UBT - Lipjan UBT - Lipjan Koleksioni i përgjithshem 05/27/2017   621 MIT 002-287134 12/08/2017 05/27/2017 Books
          Koleksioni i përgjithshem UBT - Lipjan UBT - Lipjan Koleksioni i përgjithshem 05/27/2017   621 MIT 002-287129 05/27/2017 05/27/2017 Books
UBT Library © 2015-2024. All rights reserved University Education for Business and Technology